Tributacin̤ Bancaria en la Unin̤ Europea

Bibliographic Details
Main Author: Hernǹdez Gonzl̀ez-Barreda, Pablo Andrš
Format: eBook
Language:Spanish
Published: Madrid: Dykinson, 2012
Subjects:
Online Access:Acceso restringido

MARC

LEADER 00000nam a22000007a 4500
005 20140717014941.0
007 cr|||| ||||
008 140717s2012 es |||||s|||| 00||0 spa d
020 |a 978-84-9031-310-7 
035 |a 12321 
040 |a vLex 
090 |c 5096  |d 5096 
100 1 |a Hernǹdez Gonzl̀ez-Barreda, Pablo Andrš 
245 1 0 |a Tributacin̤ Bancaria en la Unin̤ Europea  |h [Recurso electrn̤ico] /  |c Pablo Andrš Hernǹdez Gonzl̀ez-Barreda 
256 |a Servicio en ln̕ea 
260 |a Madrid:  |b Dykinson,  |c 2012 
300 |a 1 recurso electrn̤ico 
506 1 |a Disponible solo en los productos indicados  |d vLex Global  |d vLex Global (Academic Edition, excluding Law Schools)  |d vLex Global (U.S. Academic Edition, Law Schools)  |d vLex Global (U.S. Academic Edition, excluding Law Schools)  |d vLex Global (Academic Edition, Law Schools) 
650 0 4 |a Fiscalidad  |z Espaą 
740 0 |a vLex Libros (Servicio en ln̕ea) 
856 4 0 |u http://vlex.com/source/tributacion-bancaria-union-europea-12321  |z Acceso restringido 
942 |c BOOK 
999 0 |a Taxation